| 000 | nam a22 7a 4500 | ||
|---|---|---|---|
| 999 |
_c28286 _d28285 |
||
| 003 | OSt | ||
| 005 | 20170519110453.0 | ||
| 008 | 170519b xxu||||| |||| 00| 0 eng d | ||
| 020 | _a0155459880 | ||
| 040 |
_aMMU _beng _cMMU _dMMU |
||
| 050 | _aBF39.W44 1991 | ||
| 100 | _aEwen B.Robert | ||
| 245 |
_aIntroductory statitics for the behavioral sciences/ _cRobert B.Ewen |
||
| 250 | _a4th ed. | ||
| 260 |
_aNew York: _bHarcourt Brace Jovanovich, _c1991. |
||
| 300 | _axix,229p.; | ||
| 650 | _aintroductory statistics | ||
| 942 |
_2lcc _cLOAN LOAN _e4th ed. |
||